| 000 | 01886nam0a2200409 4500 | ||
|---|---|---|---|
| 001 | RU\NLR\bibl\1830140 | ||
| 005 | 20260406050420.0 | ||
| 010 |
_a978-5-09-025959-0 _92000 |
||
| 021 |
_aRU _b2011-51360 _9522д/11 |
||
| 035 | _a(nilc)RSL-KNO-005040256 | ||
| 035 | _a(NLR Aleph) 001820647 | ||
| 090 |
_a2000770 _c2000770 |
||
| 100 | _a20110711d2011 |||y0rusy50 ca | ||
| 101 | 0 | _arus | |
| 102 | _aRU | ||
| 105 | _aa ||||||||| | ||
| 200 | 1 |
_aКоррекционно-развивающее обучение и воспитание дошкольников с нарушением интеллекта _eметодические рекомендации _fЕ. А. Екжанова, Е. А. Стребелева |
|
| 205 | _a2-е изд. | ||
| 210 |
_aМосква _cПросвещение _d2011 |
||
| 215 |
_a174, [1] с. _cил., табл. _d22 |
||
| 320 | _aБиблиогр.: с. 174 и в подстроч. примеч. | ||
| 606 | 1 |
_aКоррекционно-развивающее обучение _jМетодические пособия _xДошкольные учреждения _92535843 _3RU\NLR\auth\661501721 |
|
| 606 | 1 |
_aДети с нарушением интеллекта _jМетодические пособия _xВоспитание и обучение _92299326 _3RU\NLR\auth\661376686 |
|
| 686 |
_aЧ435.1,6(2)91,0 _2rubbk |
||
| 686 | _aЧ435.12я8 | ||
| 686 | _aЧ435.13я8 | ||
| 686 | _aЧ430.191я8 | ||
| 686 | _aЧ411.38я8 | ||
| 700 | 1 |
_4070 _8rus _7ca _aЕкжанова _bЕ. А. _gЕлена Анатольевна _3RU\NLR\auth\7767954 _950882 |
|
| 701 | 1 |
_4070 _8rus _7ca _aСтребелева _bЕ. А. _gЕлена Антоновна _3RU\NLR\auth\775898 _9115856 |
|
| 801 | 0 |
_aRU _bRuMoRKP _c20110711 _grcr |
|
| 801 | 1 |
_aRU _bРГБ _c20110711 |
|
| 801 | 2 |
_aRU _bNLR _c20111108 _grcr |
|
| 942 | _cBOOK | ||
| 980 | _aNB | ||
| 980 | _aNBR | ||